Estadísticas para Más grande en Europa

Haz click aquí para intentar la prueba.

Estadísticas generales

  • Esta prueba ha sido intentada 4.126 veces
  • La puntuación promedio es 47 de 60

Estadísticas de respuestas

Kkkkkk% Correcto
País en tamañoEspaña
99%
País más visitadoEspaña
99%
Mayor desempleoEspaña
99%
País en tamañoFrancia
98%
País más visitadoFrancia
98%
Población del paísFrancia
98%
País en tamañoRusia
98%
Población del paísRusia
98%
País más visitadoAlemania
97%
Población del paísAlemania
97%
Población del paísItalia
94%
Mayor deudaItalia
94%
País más visitadoItalia
94%
Mayor impuestoSuecia
94%
País en tamañoSuecia
94%
PIB más alto / cápitaNoruega
93%
El mas felizNoruega
93%
Ciudad mas visitadaParis
92%
País en tamañoUcrania
92%
CapitalMadrid
91%
El mas felizFinlandia
89%
Población del paísReino Unido
89%
País más visitadoReino Unido
89%
CapitalLondrés
87%
Ciudad mas visitadaLondrés
87%
Mayor deudaGrecia
86%
Mayor desempleoGrecia
86%
Densamente pobladaMonaco
85%
PIB más alto / cápitaMonaco
85%
PIB más alto / cápitaLuxemburgo
84%
PIB más alto / cápitaSuiza
83%
Ciudad mas visitadaBarcelona
82%
Mayor no capitalBarcelona
82%
CapitalBerlin
79%
Mayor impuestoDinamarca
78%
El mas felizDinamarca
78%
Densamente pobladaCiudad del Vaticano
77%
PIB más alto / cápitaLiechtenstein
77%
Mayor deudaPortugal
75%
Densamente pobladaSan Marino
73%
CapitalMoscú
72%
Mayor impuestoBélgica
70%
Mayor impuestoPaíses Bajos
70%
El mas felizPaíses Bajos
70%
Densamente pobladaPaíses Bajos
70%
Mayor deudaIslandia
68%
El mas felizIslandia
68%
Mayor deudaIrlanda
67%
Densamente pobladaMalta
65%
Mayor desempleoSerbia
64%
Mayor impuestoAustria
62%
Mayor no capitalMilán
52%
Ciudad mas visitadaMilán
52%
Mayor desempleoBosnia y Herzegovina
51%
Mayor desempleoMacedonia del norte
49%
CapitalAtenas
44%
Ciudad mas visitadaAmsterdam
42%
Mayor no capitalSan Petersburgo
33%
Mayor no capitalNápoles
29%
Mayor no capitalColonia / Düsseldorf
12%

Distribución de puntuación

Porcentaje por número respondido

Porcentaje de gente con cada puntuación

Historial de tus puntuaciones

No has intentado esta prueba.